| 000 | 01604cam a22003131i 4500 | ||
|---|---|---|---|
| 003 | SA-RiAUC | ||
| 005 | 20250702051305.0 | ||
| 008 | 250630s2013___ su o g 000 pdara c | ||
| 020 | _a9786030130313 | ||
| 040 |
_aSA-RiKAPL _bara _cSA-RiAUC _erda |
||
| 043 | _aa-ye--- | ||
| 082 | 0 | 4 |
_a811.9531 _qSA-RiAUC |
| 090 |
_a811.9531 _bس ح ا |
||
| 100 | 1 |
_aسحاري، جبران بن سلمان، _d1406 هجري- _eمؤلف. |
|
| 245 | 1 | 0 |
_aأرجوزة الرحلة الشوكانية : _b(رحلتي إلى مدينة شوكان) / _cتأليف جبران بن سلمان سحاري العبدلي ؛ تقديم فضيلة القاضي العلامة محمد بن إسماعيل العمراني، وفضيلة الشيخ عبد الله بن حسين الصميلي. |
| 250 | _aالطبعة الأولى. | ||
| 264 | 1 |
_aالرياض : _bجبران بن سلمان سحاري، _c2013 |
|
| 300 |
_a93 صفحة : _bصور ؛ _c20 سم |
||
| 336 |
_aنص _btxt _2rdacontent _3كتاب |
||
| 337 |
_aبدون وسيط _bn _2rdamedia |
||
| 338 |
_aمجلد _bnc _2rdacarrier |
||
| 600 | 1 | 7 |
_aسحاري، جبران بن سلمان، _d1406 هجري- _xرحلات _zاليمن _zشوكان _vشعر _2aucnm |
| 650 | 7 |
_aالشعر العربي _zالسعودية _yقرن 15 هجري. _2aucsh |
|
| 651 | 7 |
_aشوكان (اليمن) _xوصف ورحلات _vشعر _2aucsh |
|
| 700 | 1 |
_aالعمراني، محمد بن إسماعيل بن محمد، _d1922- _eمقدم. |
|
| 700 | 1 |
_aالصميلي، عبد الله بن حسين _eمقدم. |
|
| 942 |
_2ddc _cBOOK _n0 |
||
| 949 |
_aSA-JeALM _d250630 _umohamedma123 _n1 |
||
| 999 |
_c9370 _d9370 |
||